| 000 | 00569nam a2200193 i 4500 | ||
|---|---|---|---|
| 001 | 86458 | ||
| 003 | ES-MaACL | ||
| 007 | t| | ||
| 008 | 041213s1975 sp ||||1| spa d | ||
| 100 | 1 |
_aKanter, Jerome. _967498 |
|
| 245 | 1 | 0 |
_aQué debe saber un ejecutivo sobre ordenadores / _cJerome Kanter ; traducido por Alvaro Gurrea. |
| 260 |
_aBilbao : _bDeusto, _c1975. |
||
| 300 |
_a155 p. ; _c22 cm. |
||
| 490 | 1 | _aInformática | |
| 700 | 1 |
_aGurrea, Alvaro. _960994 |
|
| 830 | 0 |
_aInformática _9231756 |
|
| 852 |
_aES-MaACL _jE-9019 _bR.93401 |
||
| 999 |
_c86458 _d86458 |
||